What the Bible reveals about Heaven / (Record no. 1897)

MARC details
000 -LEADER
fixed length control field 00959cam a22002894a 4500
001 - CONTROL NUMBER
control field 1212493
003 - CONTROL NUMBER IDENTIFIER
control field GBCCL
005 - DATE AND TIME OF LATEST TRANSACTION
control field 20241126110412.0
008 - FIXED-LENGTH DATA ELEMENTS--GENERAL INFORMATION
fixed length control field 990426s1999 cau 000 0 eng
010 ## -
-- 99015625
020 ## - INTERNATIONAL STANDARD BOOK NUMBER
International Standard Book Number 0830723412
035 ## - SYSTEM CONTROL NUMBER
System control number (DLC) 99015625
040 ## - CATALOGING SOURCE
Original cataloging agency DLC
Transcribing agency DLC
Modifying agency DLC
042 ## -
-- pcc
050 00 -
-- BT846.2
-- .B78 1999
082 00 - DEWEY DECIMAL CLASSIFICATION NUMBER
Classification number 236.24
Edition information 21
Item number BRO
100 1# - MAIN ENTRY--PERSONAL NAME
Personal name Brown, Daniel Alan,
Dates associated with a name 1953-
9 (RLIN) 3954
245 10 - TITLE STATEMENT
Title What the Bible reveals about Heaven /
Statement of responsibility, etc. Daniel A. Brown.
246 18 -
-- Heaven
260 ## - PUBLICATION, DISTRIBUTION, ETC.
Place of publication, distribution, etc. Ventura, Calif. :
Name of publisher, distributor, etc. Regal,
Date of publication, distribution, etc. c1999.
300 ## - PHYSICAL DESCRIPTION
Extent 239 p. ;
Dimensions 22 cm.
650 #0 - SUBJECT ADDED ENTRY--TOPICAL TERM
Topical term or geographic name entry element Heaven
General subdivision Christianity.
9 (RLIN) 2070
906 ## - LOCAL DATA ELEMENT F, LDF (RLIN)
a 7
b cbc
c orignew
d 1
e ocip
f 19
g y-gencatlg
942 ## - ADDED ENTRY ELEMENTS (KOHA)
Source of classification or shelving scheme Dewey Decimal Classification
Koha item type Books
Koha issues (borrowed), all copies 7
Holdings
Withdrawn status Lost status Source of classification or shelving scheme Damaged status Not for loan Home library Current Library Shelving location Date acquired Total checkouts Full call number Barcode Date last seen Date last checked out Copy number Price effective from Koha item type
    Dewey Decimal Classification     GRACE BIBLE COLLEGE GRACE BIBLE COLLEGE Theology 2017-05-31 3 236.24 BRO 011424 2025-08-27 2025-08-21 c.1 2017-05-31 Books
    Dewey Decimal Classification     GRACE BIBLE COLLEGE GRACE BIBLE COLLEGE Theology 2017-05-31   236.24 BRO 011425 2025-05-01   c.2 2017-05-31 Books
    Dewey Decimal Classification     GRACE BIBLE COLLEGE GRACE BIBLE COLLEGE Theology 2017-05-31   236.24 BRO 011426 2025-05-01   c.3 2017-05-31 Books
    Dewey Decimal Classification     GRACE BIBLE COLLEGE GRACE BIBLE COLLEGE Theology 2017-05-31   236.24 BRO 011427 2025-05-01   c.4 2017-05-31 Books
    Dewey Decimal Classification     GRACE BIBLE COLLEGE GRACE BIBLE COLLEGE Theology 2017-05-31 1 236.24 BRO 011428 2025-05-01 2018-08-13 c.5 2017-05-31 Books
    Dewey Decimal Classification     GRACE BIBLE COLLEGE GRACE BIBLE COLLEGE Theology 2017-05-31 1 236.24 BRO 011433 2025-05-01 2018-10-08 c.10 2017-05-31 Books
    Dewey Decimal Classification     GRACE BIBLE COLLEGE GRACE BIBLE COLLEGE Theology 2017-09-08 1 236.24 BRO 011429 2025-05-01 2019-11-07 c.6 2017-09-08 Books
    Dewey Decimal Classification     GRACE BIBLE COLLEGE GRACE BIBLE COLLEGE Theology 2017-09-08 1 236.24 BRO 011430 2025-05-01 2022-09-02 c.7 2017-09-08 Books
    Dewey Decimal Classification     GRACE BIBLE COLLEGE GRACE BIBLE COLLEGE Theology 2017-09-08 1 236.24 BRO 011431 2025-05-01 2018-08-01 c.8 2017-09-08 Books
    Dewey Decimal Classification     GRACE BIBLE COLLEGE GRACE BIBLE COLLEGE Theology 2017-09-08   236.24 BRO 011432 2025-05-01   c.9 2017-09-08 Books
© Grace Bible College Library 2025